000 00636cam a22002172 4500
001 0000020949
005 20151021152600.0
008 120104s xx 000 0 eng d
020 _a1844801336 :
040 _aKABU
_cKABU
100 1 _aMankiw, N. Gregory.
_@0000148278
245 1 0 _aEconomics /
_cGregory N. Mankiw and Mark P. Taylor.
250 _a1st ed.
260 _aLondon :
_bThomson,
_c2006.
300 _axxxiv, 830 p.
650 0 _aEconomics.
_@0000148279
700 1 _aTaylor, Mark P.
_@0000159218
852 1 _9p2805 KES
908 _a120104
950 _@1
999 _c1548
_d1548